| 000 | 00000nam 2200000zi 4500 |
| 001 | 9.907477 |
| 003 | CaOODSP |
| 005 | 20241016110953 |
| 006 | m o d f |
| 007 | cr cn||||||||| |
| 008 | 220131e192201##onc|||| o f000 0 fre d |
| 040 | |aCaOODSP|bfre|erda|cCaOODSP |
| 043 | |an-cn--- |
| 086 | 1 |aA12-2/2-1922F-PDF |
| 100 | 1 |aShutt, Frank T. |q(Frank Thomas), |d1859-1940 |eauteur. |
| 245 | 10|aSon, petit son, gru et remoulages : |brecherches en vue de l'établissement de nouveaux types modèles / |cpar Frank T. Shutt et S.N. Hamilton. |
| 264 | 1|aOttawa : |bMinistère de l'agriculture, |cjanvier 1922. |
| 300 | |a1 ressource en ligne (27 pages). |
| 336 | |atexte|btxt|2rdacontent/fre |
| 337 | |ainformatique|bc|2rdamedia/fre |
| 338 | |aressource en ligne|bcr|2rdacarrier/fre |
| 490 | 1 |aBulletin, Nouvelle série ; |vno. 2 |
| 500 | |aÉdition numérisée de l'imprimé [par Agriculture et Agroalimentaire Canada]. |
| 500 | |a«Traduit au Bureau de translation du Ministère.» |
| 500 | |aPublié aussi en anglais sous le titre : Bran, shorts, middlings and feed flour : an investigation towards revised standards. |
| 500 | |a«Service de la chimie, Fermes expérimentales fédérales.» |
| 500 | |a«Publié par ordre de l'hon. W.R. Motherwell, ministre de l'Agriculture.» |
| 650 | 0|aWheat|xby-products. |
| 710 | 1 |aCanada. |bMinistère de l'agriculture, |eorganisme de publication. |
| 710 | 2 |aFermes et stations expérimentales fédérales (Canada), |eorganisme de publication. |
| 775 | 08|tBran, shorts, middlings and feed flour |w(CaOODSP)9.816795 |
| 830 | #0|aBulletin (Canada. Ministerè de l'agriculture) |vnº 2. |w(CaOODSP)9.812393 |
| 856 | 40|qPDF|s2.22 Mo|uhttps://publications.gc.ca/collections/collection_2022/aac-aafc/A12-2-2-1922-fra.pdf |